Quiz sur Nouvelle Ecole (saison 3) - Statistiques

Statistiques générales
  • Ce quiz a été pris 634 fois
  • Le résultat moyen est 9 sur 10
Statistiques - réponses
Questions Réponses % Correct
Ecrit le nom d'un jury de Nouvelle Ecole. Aya Nakamura / SDM / SCH
100%
Quel jury a fait les 3 saisons de Nouvelle Ecole ? SCH
98%
Ecrit le prénom d'une fille dans Nouvelle Ecole. Clara Charlotte / C_le_Zee / Kenz
96%
Quel candidat a chanté la musique "Bah ouais" ? Dadi
93%
Qui a perdu contre Clara Charlotte aux clashs et a été ensuite repêché ? Yorssy
93%
Qui est le vainqueur de Nouvelle Ecole ? Youssef Swatt's
91%
Qui est venu encourager Dadi pour la finale ? Naza
89%
Qui Jyeuhair a t-il remplacé dans la chanson "Laptop" avec Maureen ? Kalash
82%
Qui à aidé Aya Nakamura à choisir 2 personnes lors de la compétition ? Zola
74%
Quelle est le nom de la personne que Youssef Swatt's à battu aux clashs ? James Loup
71%
Aucun quiz correspondant
Distribution des résultats
% des personnes avec chaque résultat
Percentile par nombre de réponses
Votre historique - résultats
Vous n’avez pas pris ce quiz